Normal view
MARC view
- Project
Entry Topical Term
001 - CONTROL NUMBER
- control field: 47576
003 - CONTROL NUMBER IDENTIFIER
- control field: NUST
005 - DATE AND TIME OF LATEST TRANSACTION
- control field: 20210314133841.0
008 - FIXED-LENGTH DATA ELEMENTS
- fixed length control field: 210314|| aca||aabn | a|a d
040 ## - CATALOGING SOURCE
- Original cataloging agency: NUST
- Transcribing agency: NUST
150 ## - HEADING--TOPICAL TERM
- Topical term or geographic name entry element: Project
670 ## - SOURCE DATA FOUND
- Source citation: Work cat.: (NUST): Ahmed Rasheed Mirza 47575, Traffic survey at certain congested intersection and suggesting their remedial measures, 26-11-2001
